Greater weighting for property (Record no. 68955)

MARC details
000 -LEADER
fixed length control field 00825cam a2200217 4500
001 - CONTROL NUMBER
control field WB3745-09
008 - FIXED-LENGTH DATA ELEMENTS--GENERAL INFORMATION
fixed length control field 011128n2001 000 0 eng u
035 ## - SYSTEM CONTROL NUMBER
System control number (Sirsi) u115771
245 ## - TITLE STATEMENT
Title Greater weighting for property
260 ## - PUBLICATION, DISTRIBUTION, ETC.
Date of publication, distribution, etc. 2001
490 ## - SERIES STATEMENT
Series statement Estates Gazette
Volume/sequential designation (0147) 24 November 2001, 52(1)
520 ## - SUMMARY, ETC.
Summary, etc. Property fund managers want greater weighting for property and are calling on institutions to review their asset allocation policies in light of property's recent outperformance and unstable equity markets.
590 ## - LOCAL NOTE (RLIN)
Local note WB
650 ## - SUBJECT ADDED ENTRY--TOPICAL TERM
Topical term or geographic name entry element PROPERTY FUND MANAGERS
650 ## - SUBJECT ADDED ENTRY--TOPICAL TERM
Topical term or geographic name entry element INSTITUTIONAL PROPERTY
650 ## - SUBJECT ADDED ENTRY--TOPICAL TERM
Topical term or geographic name entry element INSTITUTIONAL INVESTMENT
650 ## - SUBJECT ADDED ENTRY--TOPICAL TERM
Topical term or geographic name entry element ASSET ALLOCATION
650 ## - SUBJECT ADDED ENTRY--TOPICAL TERM
Topical term or geographic name entry element EQUITY MARKETS
690 ## - LOCAL SUBJECT ADDED ENTRY--TOPICAL TERM (OCLC, RLIN)
Topical term or geographic name as entry element PROPERTY-COMMERCIAL PROPERTY-COMMERCIAL PROPERTY FINANCE AND INVESTMENT
942 ## - ADDED ENTRY ELEMENTS (KOHA)
Suppress in OPAC 0
Holdings
Withdrawn status Lost status Source of classification or shelving scheme Damaged status Not for loan Home library Current library Shelving location Date acquired Total Checkouts Full call number Barcode Date last seen Copy number Price effective from Koha item type
    Dewey Decimal Classification     London London News article 28/11/2001   WB3745-09 115771-1001 06/08/2019 1 06/08/2019 News article